LEADER 00979cam0-2200325---450- 001 990004237430403321 005 20161028131406.0 010 $a3-8244-4179-9 035 $a000423743 035 $aFED01000423743 035 $a(Aleph)000423743FED01 035 $a000423743 100 $a19990604d1995----km-y0itay50------ba 101 0 $ager 102 $aDE 105 $a--------001yy 200 1 $aGellerts Briefpraxis und Brieflehre$eder Anfang einer neuen Briefkultur$fRafael Arto-Haumacher 210 $aWiesbaden$cDeutscher Universitäts Verlag$d1995 215 $a351 p.$d21 cm 225 1 $aDUV$eLiteratuwissenschaft 610 0 $aLetteratura tedesca$aEpistolografia 676 $a836$v20$zita 700 1$aArto-Haumacher,$bRafael$0167336 801 0$aIT$bUNINA$gRICA$2UNIMARC 901 $aBK 912 $a990004237430403321 952 $a836 ART 1$bBibl.26712$fFLFBC 959 $aFLFBC 996 $aGellerts Briefpraxis und Brieflehre$9480863 997 $aUNINA LEADER 01340nam2-2200409li-450 001 990000181590203316 005 20180312154708.0 010 $a0-387-96908-X 035 $a0018159 035 $aUSA010018159 035 $a(ALEPH)000018159USA01 035 $a0018159 100 $a20001109d1989----km-y0itay0103----ba 101 0 $aeng 102 $aUS 200 1 $aCritical point theory and Hamiltonian systems$fJean Mawhin, Michel Willem 210 $aNew York [etc.]$cSpringer-Verlag,copyr. 1989 215 $aXIV, 277 p.$cill.$d24 cm 225 2 $aApplied mathematical sciences$v74 410 0$10010018151$12001$aApplied mathematical sciences 610 1 $asistemi hamiltoniani 676 $a51474$9Analisi globale 700 1$aMawhin,$bJean$03912 702 1$aWillem,$bMichel 801 $aSistema bibliotecario di Ateneo dell' Universitā di Salerno$gRICA 912 $a990000181590203316 951 $a510 AMS 74 (A)$b0017604 CBS$c510$d00108067 951 $a510 AMS 74 (B)$b0017605 CBS$c510$d00108068 959 $aBK 969 $aSCI 979 $c19950925 979 $c20001110$lUSA01$h1713 979 $aALANDI$b90$c20010524$lUSA01$h1033 979 $c20020403$lUSA01$h1626 979 $aPATRY$b90$c20040406$lUSA01$h1613 996 $aCritical point theory and Hamiltonian systems$9349642 997 $aUNISA